000 00815nam a22002777a 4500
001 BR8203721
003 BR-BrBNA
005 20230928091345.0
007 ta
008 230509b bl.||||| |||| 00| 0 por d
040 _aBR-BrBNA
_bpor
_cBiblioteca Nacional de Agricultura
041 _a(Por)
072 _aN10; E70
_b/G514
090 _ N10 BR8203721
110 1 _aBanco Regional de Desenvolvimento do Extremo Sul, Curitiba, PR (Brasil);
_91224
110 1 _aConselho de Desenvolvimento do Extremo Sul, Curitiba, PR (Brasil)
_92596
245 1 _aAnalise da armazenagem no Parana [Brasil]
260 3 _aCuritiba, PR (Brasil):
_c1982.
300 _a187 p.
500 _a28 ref.
650 _aARMAZENAMENTO
650 _aSILO
650 _aPARANA
909 _a202309
_bLucia
_c55
_dLucia Elande
942 _cBK
999 _c33525
_d33525